| 000 | 00930nam a2200241 u 4500 | ||
|---|---|---|---|
| 001 | 000459580 | ||
| 003 | AM-YeHGA | ||
| 005 | 20250618072513.0 | ||
| 008 | 051024s2005 ai r 000 0 arm d | ||
| 020 | _a9993043693 | ||
| 040 | _aAM-YeHGA | ||
| 041 | 0 | _aarm | |
| 100 | 1 | _aՄելիք-Փաշայան, Մ.Ա. | |
| 245 | 1 | 0 |
_aԵրեխաների և դեռահասների հոգեախտաբանություն : _b(Ուսումնական ձեռնարկ) / _cՄ.Ա. Մելիք-Փաշայան, Հ.Մ. Գրիգորյան, Մ.Գ. Եղյան. |
| 260 |
_aԵրևան : _bԱ. հ., _c2005. |
||
| 300 |
_a214 էջ ; _c21 սմ. |
||
| 500 | _aՏերմինաբան. բառարան՝ էջ 204- 209 | ||
| 504 | _aՄատենագիտ.՝ էջ 210 (21 անուն) | ||
| 650 | 1 | 4 |
_aՀոգեբուժություն _95354 |
| 700 | 1 |
_aԳրիգորյան, Հակոբ Մանուկի, _d1949- _94188 |
|
| 700 | 1 | _aԵղյան, Մ.Գ. | |
| 090 | _c168666 | ||
| 999 |
_c167237 _d167237 |
||